[Event "16th Delhi Open 2018"]
[Site "New Delhi IND"]
[Date "2018.01.14"]
[Round "8.2"]
[White "Deviatkin, Andrei"]
[Black "Amonatov, Farrukh"]
[Result "1-0"]
[WhiteTitle "GM"]
[BlackTitle "GM"]
[WhiteElo "2471"]
[BlackElo "2636"]
[WhiteFideId "4121260"]
[BlackFideId "14700077"]
[EventDate "2018.01.09"]

1. Nf3 Nf6 2. b3 d6 3. d4 c5 4. d5 g6 5. Bb2 Bg7 6. c4 O-O 7. g3 e6 8. dxe6 Bxe6
9. Bg2 Nc6 10. O-O Qe7 11. Nc3 Rad8 12. Ng5 Bf5 13. Qd2 h6 14. Nh3 Rfe8 15. Rae1
g5 16. e4 Bxh3 17. Bxh3 Nd4 18. f3 a6 19. Nd1 b5 20. Ne3 bxc4 21. bxc4 Qc7 22.
Bg2 Qc8 23. Qd3 Nd7 24. f4 Nf8 25. Kh1 Nfe6 26. Bc3 Qb8 27. Rb1 Qc8 28. Rf2 Qd7
29. Rbf1 Rb8 30. Nd5 Nc7 31. e5 dxe5 32. fxg5 Nxd5 33. Bxd5 e4 34. Qe3 Kh8 35.
Rxf7 Qh3 36. gxh6 Qxh6 37. R1f4 Re5 38. Rxg7 Rh5 39. h4 Qxg7 40. Rxe4 Rf5 41.
Rxd4 cxd4 42. Bxd4 Rf6 43. Kg2 Rbf8 44. Qg5 Kh7 45. Qxg7+ Kxg7 46. g4 Kg6 47.
Bxf6 Kxf6 48. Kg3 Rb8 49. Kf4 Rb2 50. g5+ Kg6 51. c5 Kh5 52. c6 Rb4+ 53. Ke5 1-0

[Event "16th Delhi Open 2018"]
[Site "New Delhi IND"]
[Date "2018.01.14"]
[Round "8.3"]
[White "Rozum, Ivan"]
[Black "Rahman, Ziaur"]
[Result "0-1"]
[WhiteTitle "GM"]
[BlackTitle "GM"]
[WhiteElo "2595"]
[BlackElo "2472"]
[WhiteFideId "24104272"]
[BlackFideId "10200037"]
[EventDate "2018.01.09"]

1. Nf3 d5 2. g3 c6 3. Bg2 Bg4 4. c4 e6 5. O-O Nd7 6. cxd5 exd5 7. h3 Bxf3 8.
Bxf3 Ngf6 9. d3 Bc5 10. Qc2 O-O 11. e4 Bb6 12. Nc3 Nc5 13. exd5 Nxd5 14. Nxd5
cxd5 15. Be3 Rc8 16. Rfc1 Qd7 17. Qd1 Rc6 18. Rc2 Ne6 19. Bxb6 Rxb6 20. Bg2 Rc6
21. Rxc6 bxc6 22. Qa4 Qb7 23. b3 Qb6 24. Qa3 Nd4 25. Qe7 a5 26. Re1 Qb4 27. Qxb4
axb4 28. Re7 Rb8 29. Ra7 g5 30. Kf1 h5 31. Ra6 Kg7 32. f4 h4 33. Kf2 Re8 34. Bf1
hxg3+ 35. Kxg3 Re3+ 36. Kg2 gxf4 37. Rb6 Re1 38. Rxb4 c5 39. Ra4 Rd1 40. Kg1 Rd2
41. Bg2 f3 42. Bf1 Kf6 43. b4 cxb4 44. Rxb4 Ke5 45. Rb7 f5 46. h4 Nc2 47. h5 Ne3
48. Rb1 Kf4 49. h6 Kg3 50. Rb7 Rh2 51. Rg7+ Ng4 0-1

[Event "16th Delhi Open 2018"]
[Site "New Delhi IND"]
[Date "2018.01.14"]
[Round "8.4"]
[White "Vignesh, N R"]
[Black "Sengupta, Deep"]
[Result "1/2-1/2"]
[WhiteTitle "IM"]
[BlackTitle "GM"]
[WhiteElo "2470"]
[BlackElo "2586"]
[WhiteFideId "25012215"]
[BlackFideId "5008352"]
[EventDate "2018.01.09"]

1. e4 c5 2. Nf3 e6 3. d4 cxd4 4. Nxd4 Nc6 5. Nxc6 dxc6 6. Qxd8+ Kxd8 7. Be3 Nf6
8. f3 Nd7 9. Nd2 Bc5 10. Bxc5 Nxc5 11. O-O-O Ke7 12. Nc4 f6 13. e5 Nd7 14. exf6+
gxf6 15. g3 Nb6 16. f4 h5 17. Na5 h4 18. Be2 Rb8 19. c4 Bd7 20. Rhg1 hxg3 21.
hxg3 Rh2 22. Rd2 Be8 23. Bd1 Rxd2 24. Kxd2 Bg6 25. Ke3 Kd6 26. Be2 Nd7 27. Bf3
Kc7 28. Rh1 e5 29. Rh6 Rg8 30. b4 Bb1 31. Rh1 Bf5 32. Rh5 Bg6 33. Rh6 Bb1 1/2-1/2

[Event "16th Delhi Open 2018"]
[Site "New Delhi IND"]
[Date "2018.01.14"]
[Round "8.5"]
[White "Tiviakov, Sergei"]
[Black "Harsha, Bharathakoti"]
[Result "1-0"]
[WhiteTitle "GM"]
[BlackTitle "IM"]
[WhiteElo "2584"]
[BlackElo "2451"]
[WhiteFideId "1008013"]
[BlackFideId "5078776"]
[EventDate "2018.01.09"]

1. e4 c5 2. Nc3 e6 3. Nge2 Nc6 4. d4 cxd4 5. Nxd4 Qc7 6. g3 a6 7. Bg2 Nge7 8.
Nb3 Ne5 9. O-O b5 10. f4 Nc4 11. Nd4 Nc6 12. Nxc6 Qxc6 13. e5 Qb6+ 14. Kh1 Bb7
15. Ne4 Bd5 16. b3 Qc6 17. Qe2 Nb6 18. Bb2 Rc8 19. Rac1 Be7 20. f5 exf5 21. Nd6+
Bxd6 22. exd6+ Kf8 23. Qe7+ Kg8 24. Rxf5 Bxg2+ 25. Kg1 Bd5 26. Rg5 Qc5+ 27. Kf1 1-0

[Event "16th Delhi Open 2018"]
[Site "New Delhi IND"]
[Date "2018.01.14"]
[Round "8.6"]
[White "David, Alberto"]
[Black "Dzhumaev, Marat"]
[Result "1/2-1/2"]
[WhiteTitle "GM"]
[BlackTitle "GM"]
[WhiteElo "2553"]
[BlackElo "2434"]
[WhiteFideId "4000013"]
[BlackFideId "14200236"]
[EventDate "2018.01.09"]

1. e4 c5 2. Nf3 d6 3. Bb5+ Nd7 4. c3 Nf6 5. Qe2 a6 6. Ba4 b5 7. Bc2 Bb7 8. d4
cxd4 9. cxd4 Rc8 10. O-O Rxc2 11. Qxc2 Bxe4 12. Qe2 Bb7 13. Bd2 e6 14. a4 bxa4
15. Rxa4 Be7 16. Na3 O-O 17. Rc1 Qb8 18. Nc4 Bc6 19. Raa1 Bb5 20. Qe1 Nb6 21.
Nxb6 Qxb6 22. Ba5 Qb8 23. Ng5 Bd7 24. Rc7 Qxb2 25. Rb1 Qxd4 26. Bc3 Qd5 27. Bxf6
Bxf6 28. Ne4 Bc6 29. Nxf6+ gxf6 30. f3 Bb5 31. Qg3+ Kh8 32. Rbc1 Rg8 33. Rc8 Qg5
34. Rxg8+ Kxg8 35. Rc8+ Kg7 36. Qe1 Qe5 37. Qd2 d5 38. h4 d4 39. Qb4 f5 40. Qf8+
Kg6 41. h5+ Kxh5 42. Qxf7+ Kh6 43. Rg8 Qe1+ 44. Kh2 Qh4+ 1/2-1/2

[Event "16th Delhi Open 2018"]
[Site "New Delhi IND"]
[Date "2018.01.14"]
[Round "8.7"]
[White "Sivuk, Vitaly"]
[Black "Akash Pc, Iyer"]
[Result "0-1"]
[WhiteTitle "GM"]
[WhiteElo "2550"]
[BlackElo "2415"]
[WhiteFideId "14116502"]
[BlackFideId "5006775"]
[EventDate "2018.01.09"]

1. Nf3 Nf6 2. c4 g6 3. Nc3 Bg7 4. e4 d6 5. d4 O-O 6. Be2 e5 7. O-O Nc6 8. d5 Ne7
9. Qc2 Nd7 10. Rd1 h6 11. b4 a5 12. bxa5 f5 13. Ba3 Rxa5 14. Bb4 Ra8 15. a4 Nf6
16. c5 Nxe4 17. Nxe4 fxe4 18. Qxe4 Rf4 19. Qb1 Bg4 20. Ra2 Nf5 21. cxd6 cxd6 22.
a5 e4 23. Ne1 Bxe2 24. Rxe2 Qh4 25. g3 Qg4 26. Ng2 Qxe2 27. Nxf4 Qf3 28. Re1 g5
29. Rxe4 Rc8 30. Ne6 Rc1+ 31. Qxc1 Qxe4 32. Qd2 Bd4 33. Bc3 Ne3 34. f3 Qb1+ 35.
Qe1 Nc2+ 0-1

[Event "16th Delhi Open 2018"]
[Site "New Delhi IND"]
[Date "2018.01.14"]
[Round "8.8"]
[White "Vaibhav, Suri"]
[Black "Mohammad, Nubairshah Shaikh"]
[Result "1/2-1/2"]
[WhiteTitle "GM"]
[BlackTitle "IM"]
[WhiteElo "2542"]
[BlackElo "2380"]
[WhiteFideId "5045185"]
[BlackFideId "5053196"]
[EventDate "2018.01.09"]

1. e4 c6 2. d4 d5 3. e5 c5 4. Nf3 cxd4 5. Nxd4 Nc6 6. Nxc6 bxc6 7. c4 e6 8. Nc3
Bc5 9. cxd5 cxd5 10. b4 Bb6 11. Nb5 Qh4 12. Qf3 f6 13. Qf4 Qxf4 14. Bxf4 Bd7 15.
Rc1 Ke7 16. Nc7 Rf8 17. f3 Nh6 18. exf6+ Kxf6 19. Bd3 Nf5 20. Bxf5 Kxf5 21. Bd6
Rf7 22. Kd2 Rc8 23. Rhe1 g5 24. a4 Bxc7 25. Bxc7 h5 26. Re5+ Kf6 27. Re3 Kf5 28.
a5 Bb5 29. Be5 Rxc1 30. Kxc1 Rf8 31. Kd2 Rc8 32. Bc3 Rc6 33. Re5+ Kg6 34. Bd4 a6
35. Be3 Kf6 36. Rxg5 e5 37. Rxh5 d4 38. Bf2 Rc3 39. h4 Ra3 1/2-1/2

[Event "16th Delhi Open 2018"]
[Site "New Delhi IND"]
[Date "2018.01.14"]
[Round "8.9"]
[White "Koustav, Chatterjee"]
[Black "Pruijssers, Roeland"]
[Result "1/2-1/2"]
[BlackTitle "GM"]
[WhiteElo "2288"]
[BlackElo "2536"]
[WhiteFideId "25073060"]
[BlackFideId "1013068"]
[EventDate "2018.01.09"]

1. d4 Nf6 2. Bf4 d5 3. e3 c5 4. c3 Nc6 5. Nd2 e6 6. Ngf3 Bd6 7. Bg3 O-O 8. Bd3
b6 9. Qe2 Be7 10. Ne5 Bb7 11. Rd1 Nxe5 12. dxe5 Ne8 13. e4 Nc7 14. exd5 exd5 15.
O-O Qd7 16. f4 f5 17. exf6 Bxf6 18. Nf3 Rae8 1/2-1/2

[Event "16th Delhi Open 2018"]
[Site "New Delhi IND"]
[Date "2018.01.14"]
[Round "8.10"]
[White "Gupta, Abhijeet"]
[Black "Hemant, Sharma2"]
[Result "1-0"]
[WhiteTitle "GM"]
[BlackTitle "IM"]
[WhiteElo "2610"]
[BlackElo "2348"]
[WhiteFideId "5010608"]
[BlackFideId "5025842"]
[EventDate "2018.01.09"]

1. d4 d5 2. c4 e6 3. Nf3 Nf6 4. g3 Be7 5. Bg2 O-O 6. O-O c6 7. Qc2 b6 8. Nbd2
Ba6 9. b3 Nbd7 10. Bb2 Rc8 11. e4 c5 12. exd5 exd5 13. Rfd1 dxc4 14. bxc4 b5 15.
d5 bxc4 16. d6 Bxd6 17. Nxc4 Bxc4 18. Rxd6 Qe7 19. Rad1 Be2 20. Rxd7 Nxd7 21.
Qc3 Nf6 22. Re1 Rfe8 23. Bf1 Qb7 24. Bxe2 Qb4 25. Qc1 c4 26. Bc3 Qc5 27. Bd4 Qa5
28. Qc2 Qd5 29. Bxf6 gxf6 30. Qc3 Qf5 31. Bf1 Rxe1 32. Nxe1 Qe5 33. Qf3 Kf8 34.
Nc2 c3 35. Bd3 h6 36. Ne3 Rd8 37. Bc2 a5 38. Kg2 Rd2 39. h4 Qd4 40. Qa8+ Qd8 41.
Qc6 1-0

[Event "16th Delhi Open 2018"]
[Site "New Delhi IND"]
[Date "2018.01.14"]
[Round "8.11"]
[White "Gareyev, Timur"]
[Black "Sammed Jaykumar, Shete"]
[Result "0-1"]
[WhiteTitle "GM"]
[WhiteElo "2605"]
[BlackElo "2337"]
[WhiteFideId "14200937"]
[BlackFideId "5073421"]
[EventDate "2018.01.09"]

1. d4 Nf6 2. c3 g6 3. Bg5 Bg7 4. e3 d5 5. Nd2 Nbd7 6. f4 Nb6 7. Ngf3 Bf5 8. h3
Ne4 9. g4 Ng3 10. Rg1 Nxf1 11. Nxf1 Be4 12. Ng3 Bxf3 13. Qxf3 Qd7 14. f5 O-O-O
15. O-O-O f6 16. Bf4 e6 17. h4 Rde8 18. fxe6 Rxe6 19. b3 Rhe8 20. Kb1 Bf8 21.
Rge1 Ba3 22. Re2 a5 23. Rde1 Qc6 24. Kc2 Qb5 25. e4 dxe4 26. Rxe4 Qd7 27. c4 Bb4
28. R1e2 Kb8 29. h5 Ka7 30. Rxe6 Rxe6 31. Be3 Nxc4 32. bxc4 Qa4+ 33. Kb1 Qd1+
34. Kb2 Rb6 35. d5 Bc5+ 36. Kc3 Bb4+ 37. Kb2 Ba3+ 38. Kc3 Bb2+ 39. Rxb2 Qxf3 0-1

[Event "16th Delhi Open 2018"]
[Site "New Delhi IND"]
[Date "2018.01.14"]
[Round "8.12"]
[White "Kaustuv, Kundu"]
[Black "Tran, Tuan Minh"]
[Result "1/2-1/2"]
[BlackTitle "GM"]
[WhiteElo "2324"]
[BlackElo "2548"]
[WhiteFideId "5056900"]
[BlackFideId "12401820"]
[EventDate "2018.01.09"]

1. Nf3 c5 2. g3 g6 3. Bg2 Bg7 4. O-O Nc6 5. c4 e5 6. Nc3 Nge7 7. a3 O-O 8. Rb1
a5 9. d3 d6 10. Bd2 h6 11. Nd5 Nxd5 12. cxd5 Ne7 13. e4 f5 14. b4 axb4 15. axb4
b6 16. Bc3 fxe4 17. dxe4 Qe8 18. Qb3 Bd7 19. bxc5 bxc5 20. Nd2 Rb8 21. Qxb8 Qxb8
22. Rxb8 Rxb8 23. Ra1 Nc8 24. Bf1 g5 25. Rb1 Rxb1 26. Nxb1 Bf6 27. Na3 Bd8 28.
f3 Kf7 29. Kf2 Bc7 30. Bb5 Ke7 31. f4 exf4 32. gxf4 gxf4 33. Kf3 Bd8 34. Kxf4
Bxb5 35. Nxb5 Kf7 36. e5 dxe5+ 37. Bxe5 Nb6 38. Ke4 Nc4 39. Nd6+ Nxd6+ 40. Bxd6
Be7 41. Bxe7 Kxe7 42. Kd3 h5 43. Kc4 h4 44. Kxc5 Kd7 45. h3 1/2-1/2

[Event "16th Delhi Open 2018"]
[Site "New Delhi IND"]
[Date "2018.01.14"]
[Round "8.13"]
[White "Lalith, Babu M R"]
[Black "Saravana, Krishnan P."]
[Result "1/2-1/2"]
[WhiteTitle "GM"]
[WhiteElo "2542"]
[BlackElo "2323"]
[WhiteFideId "5024595"]
[BlackFideId "5018382"]
[EventDate "2018.01.09"]

1. d4 Nf6 2. Nf3 d5 3. c4 e6 4. Nc3 c5 5. cxd5 cxd4 6. Qxd4 exd5 7. e4 Nc6 8.
Bb5 dxe4 9. Qxd8+ Kxd8 10. Ng5 Be6 11. Nxe6+ fxe6 12. Bxc6 bxc6 13. Bg5 Bb4 14.
Rc1 Kd7 15. Ke2 Bxc3 16. Rxc3 Nd5 17. Rc2 Rhb8 18. Rd1 e5 19. Bc1 Rb4 20. Bd2
Rd4 21. Rdc1 Rf8 22. Be3 Nxe3 23. Kxe3 Rf6 24. Rc3 Ra4 25. a3 Rg6 26. g3 Rd4 27.
Rc5 Rgd6 28. Ra5 Rd3+ 29. Kxe4 R6d4+ 30. Kf5 Kd6 31. Rc2 Rf3+ 32. Kg5 Rf6 33.
Rac5 Rg6+ 34. Kf5 Rf6+ 35. Kg5 1/2-1/2

[Event "16th Delhi Open 2018"]
[Site "New Delhi IND"]
[Date "2018.01.14"]
[Round "8.14"]
[White "Karthikeyan, P."]
[Black "Sankalp, Gupta"]
[Result "1-0"]
[WhiteTitle "IM"]
[WhiteElo "2497"]
[BlackElo "2303"]
[WhiteFideId "5018226"]
[BlackFideId "5097010"]
[EventDate "2018.01.09"]

1. Nf3 Nf6 2. c4 g6 3. Nc3 d5 4. cxd5 Nxd5 5. Qb3 Nb6 6. d4 Bg7 7. Bf4 Be6 8.
Qa3 c5 9. e4 cxd4 10. Nb5 O-O 11. Nc7 Nc6 12. Nxa8 Qxa8 13. Rc1 f5 14. e5 Nd5
15. Bd2 Nxe5 16. Nxd4 Bf7 17. Be2 Nb6 18. Qh3 Qd8 19. Bc3 Nd5 20. O-O Qb6 21. a4
Rd8 22. a5 Qc5 23. Rfd1 h5 24. Nxf5 Nf4 25. Rxd8+ Kh7 26. Qe3 Qxe3 27. fxe3
Nxe2+ 28. Kf1 Nxc3 29. Nxg7 Na2 30. Rc5 Nc6 31. Rxc6 bxc6 32. Ne8 Nb4 33. Nc7
Kg7 34. Ke1 a6 35. Kd2 c5 36. Ra8 Bc4 37. Kc3 Bf1 38. Ne6+ Kf7 39. Nxc5 1-0

[Event "16th Delhi Open 2018"]
[Site "New Delhi IND"]
[Date "2018.01.14"]
[Round "8.15"]
[White "Horvath, Adam1"]
[Black "Kathmale, Sameer"]
[Result "1-0"]
[WhiteTitle "GM"]
[BlackTitle "IM"]
[WhiteElo "2484"]
[BlackElo "2300"]
[WhiteFideId "708003"]
[BlackFideId "5024498"]
[EventDate "2018.01.09"]

1. e4 c6 2. d4 d5 3. e5 Bf5 4. h4 h5 5. Bd3 Bxd3 6. Qxd3 e6 7. Bg5 Qa5+ 8. Nd2
Qa6 9. c4 Nd7 10. Ngf3 Ne7 11. b3 Nf5 12. O-O Bb4 13. Rfd1 Nb6 14. a4 Qa5 15.
Nf1 dxc4 16. bxc4 Be7 17. Ne3 g6 18. Nxf5 gxf5 19. Bxe7 Kxe7 20. Rdb1 Rhg8 21.
Ng5 Rad8 22. Qa3+ Kd7 23. Nxf7 Nxc4 24. Rxb7+ Kc8 25. Qb3 Nb6 26. Nxd8 Rxd8 27.
Re7 Rd5 28. Rxe6 Rxd4 29. Rxc6+ Kb7 30. Qf3 Re4 31. Re6 Qd5 32. Qxf5 Qd4 33. Rf1
Qxa4 34. Qxh5 Rxh4 35. Qf7+ Ka6 36. Re7 Nc8 37. Qg6+ Ka5 38. Rc7 Rh8 39. Rc5+ 1-0

[Event "16th Delhi Open 2018"]
[Site "New Delhi IND"]
[Date "2018.01.14"]
[Round "8.16"]
[White "Sardana, Rishi"]
[Black "Deepan, Chakkravarthy J."]
[Result "1/2-1/2"]
[WhiteTitle "IM"]
[BlackTitle "GM"]
[WhiteElo "2402"]
[BlackElo "2475"]
[WhiteFideId "25004301"]
[BlackFideId "5011132"]
[EventDate "2018.01.09"]

1. e4 e6 2. d4 d5 3. Nd2 c5 4. exd5 Qxd5 5. Ngf3 cxd4 6. Bc4 Qd6 7. O-O Nc6 8.
Nb3 a6 9. Nbxd4 Nxd4 10. Nxd4 Nf6 11. Re1 Be7 12. c3 Qc7 13. Bb3 O-O 14. Qf3 Bd6
15. Qh3 e5 16. Nf5 g6 17. Qh4 Bxf5 18. Qxf6 e4 19. Qh4 Rfe8 20. Bg5 a5 21. Bd5
a4 22. Rad1 a3 23. b3 Qxc3 24. Bxb7 Rab8 25. Bd5 h5 26. Bc4 Be5 27. h3 Kg7 28.
Rc1 Qb4 29. g4 Bd7 30. gxh5 Bf5 31. h6+ Kh7 32. Bxf7 Rf8 33. Be7 Qd2 34. Bxf8
Rxf8 35. Qe7 Bd6 36. Bxg6+ Kxg6 37. Qg7+ Kh5 38. Rcd1 Qf4 39. Rxd6 Qxd6 40. Re3
Qxh6 41. Qxh6+ Kxh6 42. b4 Ra8 43. b5 Kg5 44. f3 Kf4 45. Kf2 Rb8 46. fxe4 Bxe4
47. Rxa3 Rxb5 48. Rb3 Rc5 49. a4 Rc2+ 50. Ke1 Bf3 51. Rb8 Re2+ 52. Kf1 Ra2 53.
Ke1 Re2+ 54. Kf1 Rc2 55. Ke1 Re2+ 56. Kf1 Ra2 57. Ke1 Re2+ 58. Kf1 Rh2 59. Ke1
Be4 60. Rb3 Bc2 61. Rc3 Bxa4 62. Kf1 Bd1 63. Ke1 Bf3 64. Rc7 Ra2 65. h4 Re2+ 66.
Kf1 Rh2 67. Ke1 Re2+ 68. Kf1 Rb2 69. Ke1 Bg4 70. Rc3 Rh2 71. Rb3 Bf3 72. Rb8 Be4
73. Rb3 Bf3 74. Rb8 Bh5 75. Rb3 Bg4 76. Rc3 Ra2 77. Rb3 Bf3 78. Rc3 Rh2 79. Rb3
Bg4 80. Rc3 Ra2 81. Rb3 Bf3 82. Rb8 Rh2 83. Rd8 Be4 84. Kd1 Ke3 85. Kc1 Rc2+ 86.
Kd1 Rb2 87. Rc8 Rb1+ 88. Rc1 Rb7 89. Rc5 Rb2 90. Rc8 Rb1+ 91. Rc1 Rb7 92. Rc5
Rb8 93. Rc7 Rb4 94. Rc8 Bg6 95. Rc6 Bf5 96. Rc5 Bd3 97. Rc7 Rxh4 98. Kc1 Rb4 99.
Kd1 Rb1+ 100. Rc1 Rb7 101. Rc8 Bg6 102. Rc3+ Bd3 103. Rc8 Rb4 104. Rc7 Rh4 105.
Kc1 Rh2 106. Rc8 Kd4 107. Ra8 Rc2+ 108. Kd1 Rf2 109. Ra7 Rb2 110. Rc7 Bc4 111.
Ke1 Re2+ 112. Kd1 Rh2 113. Ke1 Re2+ 114. Kd1 Kd3 115. Ra7 Rb2 116. Ke1 Kd4 117.
Rc7 Re2+ 118. Kd1 Rh2 119. Ke1 Re2+ 120. Kd1 Kd3 121. Ra7 Rb2 122. Ke1 Ke3 123.
Re7+ Kf3 124. Kd1 Bd3 125. Kc1 Rg2 126. Re8 Be4 127. Rc8 Bd3 128. Re8 Be4 129.
Re7 Ke3 130. Re8 Rc2+ 131. Kd1 Rb2 132. Rc8 Bd3 133. Rc7 Kd4 134. Rc8 Bc4 135.
Re8 Rf2 136. Ke1 Rg2 137. Rd8+ Kc3 138. Re8 Bb5 139. Re6 Kd3 140. Rd6+ Kc3 141.
Re6 1/2-1/2

[Event "16th Delhi Open 2018"]
[Site "New Delhi IND"]
[Date "2018.01.14"]
[Round "8.17"]
[White "Khusenkhojaev, Muhammad"]
[Black "Gajwa, Ankit"]
[Result "1-0"]
[WhiteTitle "IM"]
[BlackTitle "FM"]
[WhiteElo "2462"]
[BlackElo "2284"]
[WhiteFideId "14700247"]
[BlackFideId "5077834"]
[EventDate "2018.01.09"]

1. Nf3 Nf6 2. c4 g6 3. g3 Bg7 4. Bg2 O-O 5. d4 d6 6. O-O Nbd7 7. Nc3 e5 8. e3 c6
9. a4 a5 10. b3 Re8 11. Ba3 Nf8 12. d5 c5 13. Nd2 h5 14. h3 N8h7 15. e4 h4 16.
Nf3 hxg3 17. fxg3 Nh5 18. Ne2 f5 19. Qc2 Bf6 20. Rae1 b6 21. Bc1 Ra7 22. Nh2 Bg5
23. exf5 Bxc1 24. Rxc1 gxf5 25. g4 fxg4 26. hxg4 Rg7 27. gxh5 Bh3 28. Rf2 Qg5
29. Nc3 Rf8 30. Re2 Nf6 31. Qd2 Qh4 32. h6 Rg6 33. Rf1 Rxh6 34. Bxh3 Qxh3 35.
Qg5+ Kh8 36. Rf3 Rg8 37. Qxg8+ Kxg8 38. Rxh3 Rxh3 39. Rc2 Kf7 40. Kg2 Rd3 41.
Nf1 Ke7 42. Kg1 1-0

[Event "16th Delhi Open 2018"]
[Site "New Delhi IND"]
[Date "2018.01.14"]
[Round "8.18"]
[White "Srija, Seshadri"]
[Black "Nitin, S."]
[Result "0-1"]
[WhiteTitle "WIM"]
[BlackTitle "IM"]
[WhiteElo "2203"]
[BlackElo "2422"]
[WhiteFideId "5055903"]
[BlackFideId "5018277"]
[EventDate "2018.01.09"]

1. e4 c5 2. Nf3 e6 3. d4 cxd4 4. Nxd4 a6 5. c4 Nf6 6. Nc3 Qc7 7. a3 b6 8. Be3
Bb7 9. f3 d6 10. Be2 Nbd7 11. O-O Be7 12. Rc1 Rc8 13. b4 Qb8 14. Qe1 h5 15. Qf2
h4 16. Rfd1 Bd8 17. b5 Nc5 18. bxa6 Bxa6 19. Ndb5 Be7 20. Rb1 Nfd7 21. Rb2 O-O
22. Rbd2 Nb3 23. Rb2 Na5 24. Qf1 Ne5 25. c5 dxc5 26. f4 Nec6 27. e5 Rfd8 28. Ne4
Nxe5 29. fxe5 Qxe5 30. Rxd8+ Rxd8 31. Nbc3 Bxe2 32. Rxe2 f5 33. Ng5 Qxc3 34.
Nxe6 Rd3 35. Bc1 Nc4 36. Re1 Ne3 37. Qe2 Qxe1+ 38. Qxe1 Rd1 39. Qxd1 Nxd1 40.
Nc7 Nc3 41. Bd2 Bd6 42. Ne8 Be5 43. Bxc3 Bxc3 44. Nd6 g6 45. h3 Kg7 46. Kf1 Kf6
47. Ke2 Ke6 48. Nc4 b5 49. Kd3 Be5 50. Nd2 Kd5 51. Kc2 c4 52. Nf3 Bf6 53. Kd2 g5
54. Kc2 g4 55. hxg4 fxg4 56. Nh2 g3 57. Nf3 Ke4 58. Kd2 h3 0-1

[Event "16th Delhi Open 2018"]
[Site "New Delhi IND"]
[Date "2018.01.14"]
[Round "8.19"]
[White "Sindarov, Javokhir"]
[Black "Tiwari, Arjun"]
[Result "1-0"]
[WhiteTitle "IM"]
[WhiteElo "2429"]
[BlackElo "2179"]
[WhiteFideId "14205483"]
[BlackFideId "5011337"]
[EventDate "2018.01.09"]

1. e4 e5 2. Nf3 Nc6 3. d4 exd4 4. Nxd4 Nf6 5. Nxc6 bxc6 6. e5 Qe7 7. Qe2 Nd5 8.
c4 Ba6 9. b3 O-O-O 10. Bb2 f6 11. Nd2 fxe5 12. O-O-O Nf6 13. g3 d5 14. Qxe5 Qxe5
15. Bxe5 Ba3+ 16. Kc2 Rhe8 17. f4 Kb8 18. Bh3 Bb4 19. Bf5 h6 20. a3 Bxd2 21.
Rxd2 dxc4 22. Rxd8+ Rxd8 23. bxc4 Bxc4 24. Rb1+ Ka8 25. Bxc7 Rf8 26. Be5 g5 27.
Kc3 Ba2 28. Rb2 gxf4 29. gxf4 Bd5 30. Bd6 Re8 31. Kd4 a5 32. Be5 Rf8 33. Bxf6
Rxf6 34. Ke5 Rf8 35. Bg6 a4 36. f5 Bb3 37. f6 Kb7 38. Rf2 Kc7 39. f7 c5 40. Kf6
Rb8 41. Kg7 Bxf7 42. Bxf7 Rb3 43. Bxb3 axb3 44. Rf3 c4 45. Rc3 1-0

[Event "16th Delhi Open 2018"]
[Site "New Delhi IND"]
[Date "2018.01.14"]
[Round "8.20"]
[White "Rathanvel, V S"]
[Black "Tukhaev, Adam"]
[Result "0-1"]
[WhiteTitle "FM"]
[BlackTitle "GM"]
[WhiteElo "2284"]
[BlackElo "2570"]
[WhiteFideId "25002112"]
[BlackFideId "14109476"]
[EventDate "2018.01.09"]

1. e4 c5 2. Nf3 Nc6 3. d4 cxd4 4. Nxd4 Qb6 5. Nb3 Nf6 6. Nc3 e6 7. Qe2 Bb4 8.
Bd2 O-O 9. a3 Be7 10. O-O-O d5 11. e5 Nd7 12. f4 Nc5 13. Nxc5 Qxc5 14. Qf3 Bd7
15. Bd3 Rac8 16. Na4 Qd4 17. Bb4 Bxb4 18. Bxh7+ Kxh7 19. Rxd4 Nxd4 20. Qd3+ Kg8
21. Qxd4 Bxa4 22. Qxb4 Rxc2+ 23. Kb1 Rc4 24. Qxb7 Bc2+ 25. Ka1 a5 26. b3 Rxf4
27. Rc1 Rf2 28. Qa7 Rxg2 29. Rg1 Rxg1+ 30. Qxg1 Bxb3 31. h4 Bc2 32. h5 Rc8 33.
h6 Bg6 34. hxg7 a4 35. Qa7 Rc4 36. Qe7 Kxg7 37. Qf6+ Kh6 38. Kb2 Kh5 39. Qf3+
Kg5 40. Qf6+ Kg4 41. Qf1 Kg3 42. Qg1+ Kf4 43. Qh2+ Kf3 44. Qh1+ Ke3 45. Qh3+ Ke4
46. Qh2 d4 47. Qe2+ Kd5 48. Qf3+ Kxe5 49. Qe2+ Kd5 50. Qf3+ Kc5 51. Qb7 Rc2+ 52.
Ka1 d3 53. Qe7+ Kd5 54. Qd7+ Ke5 55. Qd8 Be4 56. Qb8+ Kf5 57. Qd8 f6 58. Qh8
Rc1+ 59. Kb2 Rh1 60. Qd8 Rh2+ 61. Ka1 Bd5 62. Qc7 d2 63. Qc2+ Kg5 64. Kb2 d1=N+ 0-1

[Event "16th Delhi Open 2018"]
[Site "New Delhi IND"]
[Date "2018.01.15"]
[Round "9.1"]
[White "Akash Pc, Iyer"]
[Black "Naiditsch, Arkadij"]
[Result "1/2-1/2"]
[BlackTitle "GM"]
[WhiteElo "2415"]
[BlackElo "2701"]
[WhiteFideId "5006775"]
[BlackFideId "4650891"]
[EventDate "2018.01.09"]

1. d4 Nf6 2. c4 e6 3. Nc3 d5 4. cxd5 exd5 5. Bg5 c6 6. Qc2 Be7 7. e3 Nbd7 8. Bd3
Nf8 9. Nge2 Ne6 10. Bh4 g6 11. f3 O-O 12. Bf2 c5 13. Qd2 cxd4 1/2-1/2

[Event "16th Delhi Open 2018"]
[Site "New Delhi IND"]
[Date "2018.01.15"]
[Round "9.2"]
[White "Rahman, Ziaur"]
[Black "Tiviakov, Sergei"]
[Result "1-0"]
[WhiteTitle "GM"]
[BlackTitle "GM"]
[WhiteElo "2472"]
[BlackElo "2584"]
[WhiteFideId "10200037"]
[BlackFideId "1008013"]
[EventDate "2018.01.09"]

1. d4 Nf6 2. Nf3 e6 3. Bg5 c5 4. c3 d5 5. Nbd2 Nbd7 6. e3 Be7 7. Bd3 Qc7 8. O-O
O-O 9. Rc1 b6 10. Qe2 Bb7 11. c4 Rad8 12. b4 dxc4 13. Bxc4 cxd4 14. Nxd4 Qb8 15.
a3 Ne5 16. Bf4 Bd6 17. Ba6 Neg4 18. Bxd6 Qxd6 19. N2f3 Bd5 20. h3 Ne5 21. Nxe5
Qxe5 22. Nc6 Bxc6 23. Rxc6 g6 24. Rfc1 Rd7 25. Bc8 Rd5 26. Bb7 Rfd8 27. Rc8 Rd7
28. Rxd8+ Rxd8 29. Bf3 Kg7 30. Qc2 Rd7 31. Qc3 Qf5 32. Bg4 Qd3 33. Qa1 h5 34.
Rd1 Qb5 35. Rxd7 Qxd7 36. Be2 Qd8 37. Qe5 Kf8 38. Bf1 Ke7 39. Qb5 Qc7 40. Qa6
Ne4 41. Qd3 Qe5 42. Qa6 Qb2 43. Qb7+ 1-0

[Event "16th Delhi Open 2018"]
[Site "New Delhi IND"]
[Date "2018.01.15"]
[Round "9.3"]
[White "Karthikeyan, Murali"]
[Black "Deviatkin, Andrei"]
[Result "1/2-1/2"]
[WhiteTitle "GM"]
[BlackTitle "GM"]
[WhiteElo "2580"]
[BlackElo "2471"]
[WhiteFideId "5074452"]
[BlackFideId "4121260"]
[EventDate "2018.01.09"]

1. e4 e5 2. Nf3 Nc6 3. Bb5 Nf6 4. d3 d6 5. O-O Bd7 6. Re1 g6 7. d4 Bg7 8. dxe5
Nxe5 9. Bxd7+ Nfxd7 10. Nxe5 Nxe5 11. Nc3 O-O 12. Nd5 c6 13. Ne3 b5 14. a4 Nc4
15. axb5 Nxb2 16. Bxb2 Bxb2 17. bxc6 Bxa1 18. Qxa1 Rc8 19. Nd5 Rxc6 20. Nf6+ Kh8
21. Re3 Rxc2 22. Nxh7+ Kg8 23. Nxf8 Qf6 24. Qf1 Kxf8 25. g3 a5 26. Kg2 Qd4 27.
Qd3 Qxd3 28. Rxd3 Ke7 29. Ra3 Rc5 30. Kf3 d5 31. exd5 Kd6 32. Ke4 Rxd5 33. h4
Rb5 34. Kd4 Rd5+ 35. Ke4 Rb5 36. Kd4 1/2-1/2